Catálogo

HIDRAULICA DE CANALES ABIERTOS (Registro nro. 23435)

Detalles MARC
000 -LEADER
fixed length control field 00544nam a2200193 a 4500
001 - CONTROL NUMBER
control field 23435
005 - DATE AND TIME OF LATEST TRANSACTION
control field 20180713221512.0
008 - FIXED-LENGTH DATA ELEMENTS--GENERAL INFORMATION
fixed length control field 140415s1994 ck 000 0 spa d
020 ## - INTERNATIONAL STANDARD BOOK NUMBER
International Standard Book Number 070107769
041 ## - LANGUAGE CODE
Language code of text/sound track or separate title spa
082 ## - DEWEY DECIMAL CLASSIFICATION NUMBER
Classification number 627.13
Item number CHO
100 1# - MAIN ENTRY--PERSONAL NAME
Personal name CHOW, VEN TE
245 10 - TITLE STATEMENT
Title HIDRAULICA DE CANALES ABIERTOS
250 ## - EDITION STATEMENT
Edition statement 1a ed.
260 ## - PUBLICATION, DISTRIBUTION, ETC.
Place of publication, distribution, etc. COLOMBIA :
Name of publisher, distributor, etc. MCGRAW-HILL INTERAMERICANA,
Date of publication, distribution, etc. 1994
300 ## - PHYSICAL DESCRIPTION
Extent 667
650 14 - SUBJECT ADDED ENTRY--TOPICAL TERM
Topical term or geographic name entry element CANALES (INGENIERIA HIDRAULICA)
General subdivision INGENIERIA HIDRAULICA
700 1# - ADDED ENTRY--PERSONAL NAME
Personal name SALDARRIAGA, JUAN G.
Relator term tr.
Existencias
Withdrawn status Lost status Source of classification or shelving scheme Damaged status Not for loan Collection code Home library Current library Shelving location Date acquired Source of acquisition Inventory number Total Checkouts Full call number Barcode Date last seen Date last checked out Price effective from Koha item type
    Dewey Decimal Classification     General Biblioteca Karol Wojtyla Biblioteca Karol Wojtyla Sala general 03/12/2013 Compra 151000000000000000012087 2 627.13 CHO 44253 05/01/2026 17/05/2019 03/12/2013 Libro
    Dewey Decimal Classification     General Biblioteca Karol Wojtyla Biblioteca Karol Wojtyla Sala general 03/12/2013 Compra 151000000000000000012088   627.13 CHO 74171 05/01/2026 13/11/2017 03/12/2013 Libro